Southville International School and Colleges
Your cart is empty.
  • Cart
  • Lists
    Public lists list_1 View all
    Your lists Log in to create your own lists
  • Log in to your account
  • Your cookies
  • Search history
Southville International School and Colleges
  • Advanced search
  • Recent comments
  • Most popular
  • Libraries

Log in to your account

Log in with GOOGLE


If you do not have an external account, but do have a local account, you can still log in:

  1. Home
  2. MARC view: Pretty good magic /
Normal view MARC view ISBD view

Pretty good magic / (Record no. 105760)

[ view plain ]
MARC details
000 -LEADER
fixed length control field 00655nam a2200205 a 4500
005 - DATE AND TIME OF LATEST TRANSACTION
control field 20140412111414.0
008 - FIXED-LENGTH DATA ELEMENTS--GENERAL INFORMATION
fixed length control field 070703s19uu xx 00 eng d
020 ## - INTERNATIONAL STANDARD BOOK NUMBER
International Standard Book Number 0-394-89068-x
050 ## - LIBRARY OF CONGRESS CALL NUMBER
Classification number ER
Item number Pr 1987
100 ## - MAIN ENTRY--PERSONAL NAME
Personal name Dubowski, Cathy East
245 ## - TITLE STATEMENT
Title Pretty good magic /
Statement of responsibility, etc Cathy East Dubowski.
260 ## - PUBLICATION, DISTRIBUTION, ETC. (IMPRINT)
Place of publication, distribution, etc New York :
Name of publisher, distributor, etc Random House,
Date of publication, distribution, etc 1987.
300 ## - PHYSICAL DESCRIPTION
Extent 48
440 ## - SERIES STATEMENT/ADDED ENTRY--TITLE
Title Step into reading
500 ## - GENERAL NOTE
General note a step 2 book
520 ## - SUMMARY, ETC.
Summary, etc Presto's attempt to impress the town of forty winks with a really spectacular trick produces more rabbits than anyone expected
650 ## - SUBJECT ADDED ENTRY--TOPICAL TERM
Topical term or geographic name as entry element Magician-Fiction
650 ## - SUBJECT ADDED ENTRY--TOPICAL TERM
Topical term or geographic name as entry element Rabbit -fiction
Holdings
Withdrawn status Lost status Damaged status Home library Current library Shelving location Date acquired Source of acquisition Total Checkouts Full call number Barcode Date last seen Price effective from Koha item type
      Elizalde Library Elizalde Library Easy Reading Section 07/03/2007     ER Pr 1987 E10624 04/12/2014 04/12/2014 Books

Pretty good magic /

APA

Dubowski C. E., . (1987). Pretty good magic. New York: Random House.

Chicago

Dubowski Cathy East, . 1987. Pretty good magic. New York: Random House.

Harvard

Dubowski C. E., . (1987). Pretty good magic. New York: Random House.

MLA

Dubowski Cathy East, . Pretty good magic. New York: Random House. 1987.

  • Place hold
  • Print
  • Cite
  • Add to your cart (remove)
  • Save record
    BIBTEX Dublin Core MARCXML MARC (non-Unicode/MARC-8) MARC (Unicode/UTF-8) MARC (Unicode/UTF-8, Standard) MODS (XML) RIS
  • More searches
    Search for this title in:
    Other Libraries (WorldCat) Other Databases (Google Scholar) Online Stores (Bookfinder.com) Open Library (openlibrary.org)

Exporting to Dublin Core...

SOUTHVILLE LIBRARY

Southville International School and Colleges Library

1281 Tropical Ave. Cor. Luxembourg St., BF Homes International, Las Pinas City

Tel. No. 8256374 / 252358 Loc. 117/146

Powered by Koha